000 00289nam a22001337a 4500
008 170831b xxu||||| |||| 00| 0 eng d
020 _a9780155018570
041 _aeng
080 _a070
100 _a40
101 _aMED
245 _aA HISTORY OF NEWS
_cSEPHEN.M
942 _2udc
_cBK
999 _c25790
_d25790